Haití 2000: Lavalas en el poder: Lavalas en cuestión /

Đã lưu trong:
Chi tiết về thư mục
Tác giả chính: Manigat, Sabine
Tác giả khác: Moïse, Claude
Định dạng: Texto
Những chủ đề:
Các nhãn: Thêm thẻ
Không có thẻ, Là người đầu tiên thẻ bản ghi này!

MARC

LEADER 00000 a a2200000 04500
001 1202
003
040
100 |a Manigat, Sabine  
245 |a Haití 2000:   |b Lavalas en el poder: Lavalas en cuestión /  |c Sabine Manigat 
650 |a POLITICOS  
650 |a PARTIDOS POLITICOS  
650 |a COMPORTAMIENTO POLITICO  
650 |a ELECCIONES  
650 |a PODER POLITICO  
650 |a CORRUPCION  
650 |a CRISIS POLITICA  
650 |a PROBLEMAS POLITICOS  
650 |a VOTACION  
650 |a PARTICIPACION POLITICA  
650 |a OPOSICION POLITICA  
650 |a MOVIMIENTOS SOCIALES  
650 |a HAITI  
700 |a Moïse, Claude  
773 |g volumen 4; páginas 45-52  
999 |c 30440  |d 30440